Music Quiz

Random Music or Song Quiz
Score 0/24 Timer 04:00
9 Plays Today
% Correct
Tik
91.5%
Whataya
87.7%
Hollaback
86.6%
Herre
85.2%
Fergalicious
85.1%
Californication
84.1%
SexyBack
83.3%
MMMBop
81%
Whoomp
80%
Bootylicious
78.5%
Diggity
77.2%
Mmrs
74.3%
% Correct
Sussudio
67.1%
Tailfeather
66.7%
Imma
64.8%
Badonkadonk
64.5%
Funkytown
63.7%
Boombastic
63.1%
Boujee
56.4%
Starboy
52.4%
Falettinme
50%
Bawitdaba
45.2%
Bomp
44.4%
Unskinny
36.7%
Remove Ads.
Support Sporcle.
Get the best of Sporcle when you Go Orange. This ad-free experience offers more features, more stats, and more fun while also helping to support Sporcle. Thank you for becoming a member.

You're not logged in!

Compare scores with friends on all Sporcle quizzes.
OR
Log In

Show Comments

Extras

Top Quizzes Today


Score Distribution

Your Account Isn't Verified!

In order to create a playlist on Sporcle, you need to verify the email address you used during registration. Go to your Sporcle Settings to finish the process.

Report this User

Report this user for behavior that violates our Community Guidelines.

Details: